The sewcret world of Bears : Rod Preston

Bibliographic Details
Main Author: Preston, Rod
Corporate Author: Title
Other Authors: Spilsbury, Richard
Format: Book
Published: Oxford : Rainstree , 2003
Subjects:

MARC

LEADER 00000cam a2200000 7i4500
001 0000086062
005 20201130.0
008 201130
020 |a 1844215881 
090 0 0 |a NH   |b ENG 
100 1 |a Preston, Rod 
245 1 0 |a The sewcret world of Bears :   |b Rod Preston 
260 |a Oxford :   |b Rainstree ,   |c 2003 
500 |a Children ages 10-12 years old (pink) 
650 0 |a Junior fiction   |x Languages 
650 0 |a Natural history 
700 1 |a Spilsbury, Richard 
710 0 |a Title 
999 |a 0000011573   |b Book   |c Children Collection   |e Cawangan Taman Universiti